Normal view
MARC view
- Brashear, Marcelle A.
Entry Personal Name
001 - CONTROL NUMBER
- control field: 7450
003 - CONTROL NUMBER IDENTIFIER
- control field: OSt
005 - DATE AND TIME OF LATEST TRANSACTION
- control field: 20170524083119.0
008 - FIXED-LENGTH DATA ELEMENTS
- fixed length control field: 170524|| aca||aabn | a|a d
040 ## - CATALOGING SOURCE
- Original cataloging agency: OSt
- Transcribing agency: OSt
100 ## - HEADING--PERSONAL NAME
- Personal name: Brashear, Marcelle A.
670 ## - SOURCE DATA FOUND
- Source citation: Work cat.: (OSt): Schaefer, John H. 7449, Impact :, c1989

PORTAL AKMAL
E-MEL JKDM
AKMAL2U
G-BAM
u-PUSTAKA